[Event "Open Gran Sasso A"]
[Site "Prati di Tivo - Pietracamela ITA"]
[Date "2006.09.06"]
[Round "4"]
[White "Catalini, Giampiero"]
[Black "Lazarev, Vladimir"]
[Result "0-1"]
[WhiteElo "1912"]
[BlackElo "2522"]
[PlyCount "66"]
[EventDate "2006.09.03"]

1. d4 Nf6 2. c4 e6 3. Nc3 c5 4. d5 exd5 5. cxd5 Bd6 6. e4 Qe7 7. Bd3 a6 8. a4
Bc7 9. Nge2 d6 10. O-O Nbd7 11. Bg5 h6 12. Bh4 g5 13. Bg3 h5 14. f4 Ng4 15. e5
h4 16. e6 hxg3 17. Nxg3 Ne3 18. Qe2 fxe6 19. Qxe3 gxf4 20. Rxf4 Ne5 21. Raf1
Bb6 22. Be2 Bd7 23. dxe6 Bxe6 24. Nf5 Qc7 25. Nxd6+ Qxd6 26. Ne4 Qc7 27. Nf6+
Kd8 28. Rd1+ Kc8 29. Qe4 c4+ 30. Kh1 Kb8 31. Rd5 Nd3 32. Qxe6 Nxf4 33. Nd7+ Ka7
0-1

[Event "Open Gran Sasso A"]
[Site "Prati di Tivo - Pietracamela ITA"]
[Date "2006.09.06"]
[Round "4"]
[White "Naumkin, Igor"]
[Black "Sibilio, Mario"]
[Result "0-1"]
[WhiteElo "2430"]
[BlackElo "2393"]
[PlyCount "60"]
[EventDate "2006.09.03"]

1. d4 Nf6 2. c4 c5 3. d5 e5 4. Nc3 d6 5. e4 Nbd7 6. Nf3 g6 7. Be2 Bg7 8. O-O
O-O 9. Ne1 Ne8 10. Kh1 Qe7 11. a3 f5 12. exf5 gxf5 13. f4 Ndf6 14. b4 Ng4 15.
Qd2 exf4 16. Nd3 Qh4 17. Bxg4 fxg4 18. Rxf4 g3 19. h3 Bxh3 20. Rxf8+ Kxf8 21.
Qg5 Qxc4 22. Qxg3 Bf5 23. Bb2 Qxd3 24. Qg5 Bxc3 25. Bxc3 Qxc3 26. Rf1 Ng7 27.
bxc5 Re8 28. Qh4 Qxc5 29. Qxh7 Qxd5 30. Qh8+ Kf7 0-1

[Event "Open Gran Sasso A"]
[Site "Prati di Tivo - Pietracamela ITA"]
[Date "2006.09.06"]
[Round "5"]
[White "Ferri, Stefano"]
[Black "Scipioni, Gaetano"]
[Result "1/2-1/2"]
[WhiteElo "2121"]
[BlackElo "2070"]
[PlyCount "84"]
[EventDate "2006.09.03"]

1. d4 d5 2. Nf3 c6 3. c4 e6 4. Nc3 dxc4 5. a4 Bb4 6. Ne5 b5 7. e3 Nf6 8. Bd2
Bb7 9. axb5 Bxc3 10. Bxc3 cxb5 11. b3 a5 12. bxc4 b4 13. Bb2 Nbd7 14. Qa4 O-O
15. Nc6 Qc7 16. Nxa5 Rfb8 17. c5 Ra7 18. c6 Nb6 19. Qb5 Ba6 20. Qe5 Qxe5 21.
dxe5 Bxf1 22. exf6 Bb5 23. Bd4 Ra6 24. fxg7 Nd5 25. Be5 Rc8 26. Kd2 f6 27. Bd6
Kxg7 28. e4 Nb6 29. Bxb4 Bxc6 30. Nxc6 Rxa1 31. Rxa1 Rxc6 32. Ra7+ Kg6 33. Bf8
Rc8 34. Rg7+ Kh6 35. Rb7+ Rxf8 36. Rxb6 e5 37. Ke3 Kg5 38. Rb7 Kg6 39. g4 h5
40. Kf3 Ra8 41. Kg3 Ra3+ 42. f3 h4+ 1/2-1/2

[Event "Open Gran Sasso A"]
[Site "Prati di Tivo - Pietracamela ITA"]
[Date "2006.09.06"]
[Round "5"]
[White "Giacchetti, Luciano"]
[Black "Naumkin, Igor"]
[Result "0-1"]
[WhiteElo "2085"]
[BlackElo "2430"]
[PlyCount "48"]
[EventDate "2006.09.03"]

1. e4 e5 2. Nf3 Nc6 3. d4 exd4 4. Nxd4 Bc5 5. Nxc6 Qf6 6. f3 bxc6 7. Bd3 Ne7 8.
Nc3 d5 9. Qe2 O-O 10. h4 Ng6 11. Bg5 Qd4 12. Nd1 Qe5 13. Be3 Nf4 14. Qd2 Bxe3
15. Nxe3 Rb8 16. Nd1 c5 17. Kf1 c4 18. Be2 Nh5 19. Rg1 dxe4 20. Qg5 Ng3+ 21.
Ke1 Nf5 22. f4 Qd4 23. Nf2 Qxb2 24. Rd1 Qc3+ 0-1

[Event "Open Gran Sasso A"]
[Site "Prati di Tivo - Pietracamela ITA"]
[Date "2006.09.06"]
[Round "5"]
[White "Gorelli Fagiolini, Marco"]
[Black "Safranska, Anda"]
[Result "0-1"]
[WhiteElo "2205"]
[BlackElo "2248"]
[PlyCount "58"]
[EventDate "2006.09.03"]

1. e4 g6 2. d4 Bg7 3. Nf3 d6 4. Be2 Nf6 5. Nc3 O-O 6. O-O Nc6 7. d5 Nb8 8. Be3
e5 9. Nd2 Nbd7 10. g4 Ne8 11. Kg2 a6 12. f3 f5 13. h3 Kh8 14. Rh1 Bf6 15. Nf1
Bg5 16. Bf2 Bh4 17. Be3 Ndf6 18. Qd2 Nh5 19. Bd3 fxe4 20. Bxe4 Nf4+ 21. Kh2 Nf6
22. Ne2 Nxe4 23. fxe4 Qg5 24. Nfg3 Bxg4 25. hxg4 Qxg4 26. Bxf4 exf4 27. Nf1 Bf6
28. Nc1 f3 29. Nd3 Bd4 0-1

[Event "Open Gran Sasso A"]
[Site "Prati di Tivo - Pietracamela ITA"]
[Date "2006.09.06"]
[Round "5"]
[White "Sibilio, Mario"]
[Black "Di Donatantonio, Franco"]
[Result "1-0"]
[WhiteElo "2393"]
[BlackElo "2093"]
[PlyCount "125"]
[EventDate "2006.09.03"]

1. d4 c5 2. d5 d6 3. c4 Nf6 4. Nc3 g6 5. Nf3 Bg7 6. g3 O-O 7. Bg2 Na6 8. O-O
Nc7 9. h3 Rb8 10. a4 b6 11. e4 Nd7 12. Bd2 a6 13. Qe2 e6 14. Bg5 Qe8 15. Qd2 e5
16. Rfe1 Rb7 17. Bh6 b5 18. axb5 axb5 19. b3 Nb6 20. Bxg7 Kxg7 21. Qe2 Bd7 22.
Bf1 bxc4 23. bxc4 Qe7 24. Qe3 Rfb8 25. Nd2 Nc8 26. Nd1 Ra8 27. Rxa8 Nxa8 28.
Nc3 Qd8 29. Rb1 Rxb1 30. Ncxb1 f6 31. Qa3 Ne7 32. Nb3 Qb8 33. N1d2 Nc7 34. Qa5
Ne8 35. f4 h6 36. h4 Bg4 37. Qa1 Kf7 38. Kf2 Ng7 39. fxe5 fxe5 40. Qc3 Nh5 41.
Nc1 Nf6 42. Nd3 g5 43. hxg5 hxg5 44. Kg2 Kg6 45. Nf2 Bd7 46. Be2 Qc8 47. Nf3
Qb8 48. Qc1 Nh7 49. Nd3 Kf6 50. Nh2 Qb3 51. Nf2 Qa2 52. Qe3 Qa8 53. Qb3 Qd8 54.
Qb7 Nc8 55. Bg4 Nf8 56. Bxd7 Qxd7 57. Qa6 Ne7 58. Nhg4+ Kg7 59. Ne3 Kf6 60.
Nfg4+ Kg7 61. Qa1 Kg6 62. Qh1 Ng8 63. Qh3 1-0

[Event "Open Gran Sasso A"]
[Site "Prati di Tivo - Pietracamela ITA"]
[Date "2006.09.06"]
[Round "5"]
[White "Vezzosi, Paolo"]
[Black "Catalini, Giampiero"]
[Result "1/2-1/2"]
[WhiteElo "2356"]
[BlackElo "1912"]
[PlyCount "97"]
[EventDate "2006.09.03"]

1. d4 d5 2. Nf3 Nf6 3. c4 e6 4. Nc3 Be7 5. Bg5 h6 6. Bh4 Ne4 7. Bxe7 Qxe7 8. e3
Nxc3 9. bxc3 c6 10. Bd3 Nd7 11. O-O O-O 12. Re1 b6 13. e4 Bb7 14. Qb3 Nf6 15.
e5 Nh7 16. cxd5 cxd5 17. h4 Rfc8 18. Re3 Nf8 19. g3 Qc7 20. Nd2 a5 21. Rb1 Ba6
22. Qxb6 Bxd3 23. Qxc7 Rxc7 24. Rxd3 Rac8 25. Rb5 Rxc3 26. Rxc3 Rxc3 27. Rxa5
Rd3 28. Nb3 g5 29. hxg5 hxg5 30. g4 Ng6 31. Rc5 Nf4 32. Rc2 Nh3+ 33. Kh2 Nf4
34. Rd2 Rh3+ 35. Kg1 Rc3 36. Nc5 Ra3 37. Nb3 Kg7 38. f3 f6 39. exf6+ Kxf6 40.
Kf2 e5 41. dxe5+ Kxe5 42. Nc5 Kd6 43. Nb3 Ke5 44. Kg3 Ne6 45. Re2+ Kd6 46. Rd2
Ke5 47. Re2+ Kd6 48. Rd2 Ke5 49. Re2+ 1/2-1/2

[Event "Open Gran Sasso A"]
[Site "Prati di Tivo - Pietracamela ITA"]
[Date "2006.09.07"]
[Round "6"]
[White "Carola, Paolo"]
[Black "Gorelli Fagiolini, Marco"]
[Result "0-1"]
[WhiteElo "1989"]
[BlackElo "2205"]
[PlyCount "40"]
[EventDate "2006.09.03"]

1. e4 e6 2. d4 d5 3. Nc3 Nf6 4. Bg5 Bb4 5. e5 h6 6. Bd2 Bxc3 7. bxc3 Ne4 8. Bd3
Nxd2 9. Qxd2 c5 10. Ne2 c4 11. Bxc4 dxc4 12. O-O Nc6 13. Rab1 b6 14. f4 Ne7 15.
Ng3 Bb7 16. Rbe1 g6 17. Rf3 Nf5 18. Ne4 Bxe4 19. Rxe4 Qd5 20. Qe2 h5 0-1

[Event "Open Gran Sasso A"]
[Site "Prati di Tivo - Pietracamela ITA"]
[Date "2006.09.07"]
[Round "6"]
[White "Di Donatantonio, Franco"]
[Black "Vezzosi, Paolo"]
[Result "0-1"]
[WhiteElo "2093"]
[BlackElo "2356"]
[PlyCount "134"]
[EventDate "2006.09.03"]

1. e4 c5 2. Nf3 Nc6 3. Bb5 g6 4. c3 Bg7 5. O-O Nf6 6. d3 O-O 7. Nbd2 Qc7 8. Re1
d6 9. Nf1 a6 10. Bxc6 Qxc6 11. Bg5 b5 12. d4 Bb7 13. d5 Qc7 14. Ng3 Rfe8 15.
Bf4 Rad8 16. c4 bxc4 17. Nd2 e6 18. dxe6 Rxe6 19. Nxc4 Qe7 20. f3 d5 21. exd5
Bxd5 22. Rxe6 Bxe6 23. Qc1 Bxc4 24. Qxc4 Nd5 25. Bd2 Bxb2 26. Re1 Bd4+ 27. Kh1
Qb7 28. Ba5 Rb8 29. a4 Ne3 30. Qd3 Qb3 31. Qxa6 Qxa4 32. Qd6 Re8 33. Bd2 Nc4
34. Rxe8+ Qxe8 35. Qf4 Nxd2 36. Qxd2 Qa4 37. Ne2 Qa1+ 38. Qc1 c4 39. Qxa1 Bxa1
40. Kg1 Kf8 41. Kf2 Ke7 42. Ke3 Kd6 43. Kd2 Kc5 44. h3 Be5 45. Kc2 h5 46. Kd2
h4 47. Kc2 g5 48. Kd2 f5 49. Kc2 Bf6 50. Kd2 Bd8 51. Kc2 Ba5 52. Kb2 Bd2 53.
Kc2 Be3 54. Kc3 Bf2 55. Kc2 Bd4 56. Kd2 Bf6 57. Kc2 Kb4 58. Nc1 c3 59. Kd3 Bg7
60. Kc2 Kc4 61. Ne2 Bf6 62. g3 g4 63. fxg4 fxg4 64. gxh4 gxh3 65. Ng3 Bxh4 66.
Nf1 Bg5 67. Ng3 h2 0-1

[Event "Open Gran Sasso A"]
[Site "Prati di Tivo - Pietracamela ITA"]
[Date "2006.09.07"]
[Round "6"]
[White "Naumkin, Igor"]
[Black "Catalini, Giampiero"]
[Result "1-0"]
[WhiteElo "2430"]
[BlackElo "1912"]
[PlyCount "61"]
[EventDate "2006.09.03"]

1. d4 d5 2. c4 e6 3. Nf3 Nf6 4. Bg5 Be7 5. e3 h6 6. Bh4 Ne4 7. Bxe7 Qxe7 8. Bd3
O-O 9. O-O c6 10. Qc2 f5 11. Ne5 Rf6 12. Bxe4 fxe4 13. Nd2 Nd7 14. f3 Nxe5 15.
dxe5 Rf8 16. fxe4 Bd7 17. Qc3 Rxf1+ 18. Rxf1 Rf8 19. Rxf8+ Kxf8 20. exd5 exd5
21. cxd5 cxd5 22. Qd4 Bc6 23. Nf3 a6 24. h3 g5 25. h4 Ke8 26. hxg5 hxg5 27. Qg4
a5 28. Qc8+ Qd8 29. Qe6+ Qe7 30. Nxg5 Qxe6 31. Nxe6 1-0

[Event "Open Gran Sasso A"]
[Site "Prati di Tivo - Pietracamela ITA"]
[Date "2006.09.07"]
[Round "6"]
[White "Stoyko, Maksym"]
[Black "Lauria, Amilcare"]
[Result "1-0"]
[WhiteElo "1978"]
[BlackElo "2185"]
[PlyCount "103"]
[EventDate "2006.09.03"]

1. d4 g6 2. c4 Bg7 3. e4 d6 4. Nc3 Nf6 5. f3 O-O 6. Bg5 c6 7. Qd2 Qa5 8. Bd3
Nbd7 9. Nge2 e5 10. d5 Nc5 11. Bc2 Bd7 12. a3 Na6 13. O-O c5 14. Nc1 Rae8 15.
Nd3 Qc7 16. Rac1 Kh8 17. Bh6 Ng8 18. Bxg7+ Kxg7 19. Qg5 Nh6 20. f4 f6 21. Qg3
exf4 22. Nxf4 Re5 23. h4 Bg4 24. Bd1 Bc8 25. Nh5+ Kh8 26. Rxf6 Rg8 27. Qe3 Ng4
28. Bxg4 Bxg4 29. Ng3 Qe7 30. Rcf1 Bf5 31. Nxf5 Qxf6 32. Nh6 Qxh4 33. Nf7+ Kg7
34. Nxe5 dxe5 35. Qf3 Qe7 36. Nb5 Nb8 37. Nxa7 Nd7 38. Nb5 Rf8 39. Qe3 Nf6 40.
d6 Qe6 41. Qxc5 Nd7 42. Qc7 Rxf1+ 43. Kxf1 Qg4 44. Nc3 Qf4+ 45. Ke2 Qg4+ 46.
Kd3 Qg3+ 47. Kc2 Qxg2+ 48. Kb3 Qg4 49. Nd5 Kh6 50. Nb6 Nxb6 51. Qxb6 Qxe4 52.
Qc7 1-0

[Event "Open Gran Sasso A"]
[Site "Prati di Tivo - Pietracamela ITA"]
[Date "2006.09.07"]
[Round "6"]
[White "Vargiu, Antonio"]
[Black "Ferri, Stefano"]
[Result "1/2-1/2"]
[WhiteElo "1901"]
[BlackElo "2121"]
[PlyCount "62"]
[EventDate "2006.09.03"]

1. e4 Nc6 2. d4 e5 3. d5 Nce7 4. Nf3 Ng6 5. Be2 Bc5 6. O-O Nf6 7. Qd3 O-O 8.
Be3 Bxe3 9. Qxe3 d6 10. Ne1 Nf4 11. Nd3 g5 12. Nd2 Bg4 13. Nxf4 gxf4 14. Qd3 h5
15. h3 Kg7 16. hxg4 hxg4 17. g3 Rh8 18. Kg2 Qd7 19. Rh1 f3+ 20. Nxf3 gxf3+ 21.
Qxf3 Rag8 22. Rxh8 Rxh8 23. Rh1 Rxh1 24. Kxh1 Qh3+ 25. Kg1 Qh7 26. Bd3 Qh6 27.
Kg2 Qg5 28. Qe3 Qxe3 29. fxe3 Kg6 30. b4 Kg5 31. Kf3 Nd7 1/2-1/2

[Event "XLVIII Festival A"]
[Site "Imperia ITA"]
[Date "2006.09.03"]
[Round "1"]
[White "Astengo, Marcello"]
[Black "Jacob, Volker"]
[WhiteElo "2109"]
[BlackElo "2280"]
[Result "0-1"]
[PlyCount "86"]
[EventDate "2006.09.03"]

1. d4 Nf6 2. c4 c5 3. d5 e6 4. Nc3 exd5 5. cxd5 d6 6. Nf3 g6 7. Bf4 a6 8. e4 b5
9. Bd3 Bg4 10. h3 Bxf3 11. Qxf3 Bg7 12. O-O O-O 13. a4 b4 14. Nd1 Qe7 15. Ne3
Nfd7 16. Nc4 Ne5 17. Qe2 Nxc4 18. Bxc4 Qf6 19. Bg3 Re8 20. Rab1 Ra7 21. Rfe1
Qd8 22. Qg4 Nd7 23. Qe2 Nf6 24. Qd3 Nh5 25. Bh2 a5 26. Bb5 Ree7 27. g4 Nf6 28.
Re2 Ne8 29. Rbe1 Bd4 30. Bg3 f6 31. Bc6 Nc7 32. Kh1 g5 33. f4 gxf4 34. Bxf4 Ne8
35. g5 fxg5 36. Bxg5 Nf6 37. Rg2 Rg7 38. Rf1 Raf7 39. Qf3 Qf8 40. Qd3 Nxe4 41.
Re1 Nf2+ 42. Rxf2 Rxf2 43. Bh6 Rh2+ 0-1

[Event "XLVIII Festival A"]
[Site "Imperia ITA"]
[Date "2006.09.03"]
[Round "1"]
[White "Barlocco, Carlo"]
[Black "Zakoucka, Adela"]
[WhiteElo "2183"]
[BlackElo "1974"]
[Result "1-0"]
[PlyCount "153"]
[EventDate "2006.09.03"]

1. d4 Nf6 2. Nf3 g6 3. Bg5 Bg7 4. e3 d6 5. Bd3 Nbd7 6. c4 c5 7. Nc3 b6 8. O-O
O-O 9. Re1 Bb7 10. e4 cxd4 11. Nxd4 Ne5 12. Bf1 Rc8 13. b3 Nc6 14. Nxc6 Bxc6
15. Rc1 Nd7 16. Nd5 f6 17. Bd2 e6 18. Nf4 Qe7 19. g3 Ne5 20. Bb4 Rcd8 21. Bg2
Bh6 22. Rc2 Rfe8 23. Rd2 Nf7 24. Rd3 Ne5 25. Bxd6 Qg7 26. Bxe5 Rxd3 27. Nxd3
fxe5 28. Qa1 Rd8 29. Nxe5 Bb7 30. f4 Qe7 31. Rd1 Bg7 32. Bf3 Qc5+ 33. Kg2 Rd6
34. Rxd6 Qxd6 35. Qd1 Qxd1 36. Bxd1 Bxe4+ 37. Kf2 Bf8 38. Ke3 Bb7 39. Nd3 Kf7
40. b4 Ke7 41. Kd4 Bg7+ 42. Ne5 Kd6 43. Ba4 a6 44. c5+ Kc7 45. Bb3 Bc8 46.
cxb6+ Kxb6 47. a4 Bf6 48. Kc4 Be7 49. a5+ Kc7 50. b5 Bb7 51. b6+ Kd6 52. Nd3
Bd5+ 53. Kc3 Be4 54. Bc4 Bxd3 55. Kxd3 Kc5 56. Bxa6 Kb4 57. Bc8 Kxa5 58. b7 Bd6
59. Bxe6 Kb6 60. Bd5 Kc5 61. Ke4 Bc7 62. g4 Kd6 63. Bg8 h6 64. Bh7 g5 65. fxg5
hxg5 66. Kf5 Kc6 67. h3 Kxb7 68. Kxg5 Kc8 69. Kh6 Kd8 70. g5 Ke7 71. Bc2 Kf7
72. Bb3+ Kf8 73. g6 Be5 74. Kh7 Bf6 75. h4 Bg7 76. h5 Bf6 77. h6 1-0

[Event "XLVIII Festival A"]
[Site "Imperia ITA"]
[Date "2006.09.03"]
[Round "1"]
[White "Cardona, Paolo"]
[Black "Del Dotto, Riccardo"]
[WhiteElo "1937"]
[BlackElo "2180"]
[Result "0-1"]
[PlyCount "50"]
[EventDate "2006.09.03"]

1. e4 e5 2. Nf3 Nf6 3. Nc3 Bb4 4. d3 d5 5. exd5 Nxd5 6. Bd2 Nc6 7. Nxd5 Bxd2+
8. Qxd2 Qxd5 9. Be2 f6 10. O-O Be6 11. a4 O-O-O 12. b4 g5 13. b5 Ne7 14. Rfb1
Ng6 15. Qb4 Nf4 16. Kf1 Bf5 17. Rd1 Rhe8 18. Ne1 Nxe2 19. Kxe2 e4 20. Kf1 Qe5
21. Kg1 exd3 22. cxd3 Qd4 23. Qd2 Bg4 24. Rdc1 Re2 25. Qc3 Qxf2+ 0-1

[Event "XLVIII Festival A"]
[Site "Imperia ITA"]
[Date "2006.09.03"]
[Round "1"]
[White "Finocchiaro, Gianluca"]
[Black "Pepino, Enrico"]
[WhiteElo "1986"]
[BlackElo "2187"]
[Result "0-1"]
[PlyCount "66"]
[EventDate "2006.09.03"]

1. e4 d6 2. d4 Nf6 3. Bd3 g6 4. Nf3 Bg7 5. O-O O-O 6. c3 Nc6 7. Bg5 e5 8. d5
Ne7 9. Qd2 Nh5 10. Na3 f5 11. exf5 gxf5 12. Nh4 Kh8 13. Be2 Nf6 14. c4 Ne4 15.
Qe3 Nxg5 16. Qxg5 Bd7 17. Rad1 a6 18. c5 Ng8 19. Qxd8 Raxd8 20. cxd6 cxd6 21.
Rc1 Bf6 22. g3 Bxh4 23. gxh4 b5 24. Rc7 Nf6 25. Rd1 Rg8+ 26. Kh1 Rg7 27. Rg1
Rxg1+ 28. Kxg1 Nxd5 29. Ra7 Nf4 30. Kf1 Rc8 31. f3 Be6 32. b4 Rc1+ 33. Kf2 Nh3+
0-1

[Event "XLVIII Festival A"]
[Site "Imperia ITA"]
[Date "2006.09.03"]
[Round "1"]
[White "Lindoerfer, Klaus"]
[Black "Mercandelli, Claudio"]
[WhiteElo "2217"]
[BlackElo "2028"]
[Result "1/2-1/2"]
[PlyCount "53"]
[EventDate "2006.09.03"]

1. e4 e6 2. d4 d5 3. e5 b6 4. Nf3 Ba6 5. Bxa6 Nxa6 6. c4 Nb4 7. a3 Nc6 8. cxd5
Qxd5 9. Nc3 Qc4 10. Be3 Nge7 11. Rc1 O-O-O 12. Ne4 Qd5 13. Neg5 Rd7 14. Nxf7
Rg8 15. N7g5 h6 16. Nh7 Nf5 17. Nxf8 Rxf8 18. O-O Nfxd4 19. Nxd4 Nxd4 20. Bxd4
Qxd4 21. Qe2 Qd3 22. Qg4 Qb3 23. Qe4 Rd5 24. Qg6 Rd7 25. Rc2 Qd3 26. Qxd3 Rxd3
27. g3 1/2-1/2

[Event "XLVIII Festival A"]
[Site "Imperia ITA"]
[Date "2006.09.03"]
[Round "1"]
[White "Luciani, Carlo"]
[Black "Faraci, Antonino"]
[WhiteElo "2236"]
[BlackElo "2060"]
[Result "1-0"]
[PlyCount "73"]
[EventDate "2006.09.03"]

1. e4 c5 2. Nf3 a6 3. g3 Nc6 4. d4 cxd4 5. Nxd4 Nf6 6. Bg2 e5 7. Ne2 Be7 8. O-O
d6 9. h3 Be6 10. Nbc3 Qd7 11. Kh2 h5 12. Nd5 Bd8 13. Be3 Bxd5 14. exd5 Ne7 15.
f4 Nf5 16. Qd3 h4 17. g4 Nxe3 18. Qxe3 O-O 19. fxe5 dxe5 20. c4 e4 21. Rf5 Bc7+
22. Kg1 Qd6 23. c5 Nxd5 24. cxd6 Nxe3 25. dxc7 Nxf5 26. gxf5 Rac8 27. Rc1 Rfe8
28. Nf4 Re5 29. Kf2 Rxf5 30. Ke3 g5 31. Nh5 Re5 32. Kd4 Re7 33. Nf6+ Kf8 34.
Nd5 Re6 35. Bxe4 Rc6 36. Rxc6 bxc6 37. Bf5 1-0

[Event "XLVIII Festival A"]
[Site "Imperia ITA"]
[Date "2006.09.03"]
[Round "1"]
[White "Malano, Francesco"]
[Black "Cugini, Verter"]
[WhiteElo "2020"]
[BlackElo "2209"]
[Result "1/2-1/2"]
[PlyCount "97"]
[EventDate "2006.09.03"]

1. Nf3 g6 2. g3 Bg7 3. Bg2 e5 4. d3 d5 5. c4 dxc4 6. Qa4+ Nc6 7. Qxc4 Nge7 8.
O-O O-O 9. Nc3 h6 10. Rb1 Be6 11. Qa4 a6 12. b4 Nd5 13. Nxd5 Bxd5 14. Qc2 Qe7
15. Be3 Rfd8 16. a3 Nd4 17. Nxd4 Bxg2 18. Nf5 gxf5 19. Kxg2 Rd5 20. Rfc1 c6 21.
Bb6 Bf6 22. Qc4 e4 23. dxe4 fxe4 24. Rd1 Rxd1 25. Rxd1 Re8 26. Qc5 Qxc5 27.
Bxc5 Rd8 28. Rxd8+ Bxd8 29. g4 Bc7 30. h3 Kg7 31. f3 exf3+ 32. Kxf3 Be5 33. Ke4
Kf6 34. h4 Bg3 35. Bd4+ Kg6 36. h5+ Kh7 37. Kf5 Bh4 38. e4 Bg5 39. e5 Bc1 40.
a4 Bd2 41. Kf6 Kg8 42. e6 fxe6 43. Bc5 a5 44. bxa5 Bxa5 45. Kxe6 b5 46. axb5
cxb5 47. Be3 b4 48. Bxh6 b3 49. Bc1 1/2-1/2

[Event "XLVIII Festival A"]
[Site "Imperia ITA"]
[Date "2006.09.03"]
[Round "1"]
[White "Popa, Claudiu"]
[Black "Blasco, Domenico"]
[WhiteElo "2193"]
[BlackElo "1992"]
[Result "1-0"]
[PlyCount "119"]
[EventDate "2006.09.03"]

1. e4 g6 2. d4 Bg7 3. f4 d5 4. e5 Nh6 5. Be2 f6 6. Be3 O-O 7. c3 fxe5 8. fxe5
c6 9. Nf3 Bg4 10. O-O Na6 11. h3 Bxf3 12. Bxf3 Nf5 13. Bf2 e6 14. Qe1 Bh6 15.
Na3 Qg5 16. Nc2 Rac8 17. Be2 Qd2 18. Qxd2 Bxd2 19. g4 Ne7 20. Bxa6 bxa6 21. Be3
Bxe3+ 22. Nxe3 c5 23. dxc5 Rxc5 24. Rxf8+ Kxf8 25. Rf1+ Kg7 26. Rf6 Rc6 27. Nc2
Ng8 28. Rf4 g5 29. Ra4 Ne7 30. Nb4 Rb6 31. Rxa6 Rxa6 32. Nxa6 Nc6 33. Nc5 Nxe5
34. Nxe6+ Kf6 35. Nc5 Nc4 36. Nd3 Ke6 37. Kf2 d4 38. cxd4 Kd5 39. b3 Na3 40.
Nb4+ Ke4 41. d5 Nb5 42. a4 Nd6 43. Nc6 Kxd5 44. Nxa7 Kc5 45. Nb5 Ne4+ 46. Ke3
Nf6 47. Nc3 Kb4 48. Ne4 Nd5+ 49. Kd4 Nf4 50. Nxg5 Kxb3 51. a5 h6 52. Nf7 Kb4
53. a6 Ne6+ 54. Ke5 Nc7 55. a7 Kb5 56. Nxh6 Kb6 57. Kd6 Nb5+ 58. Ke7 Nxa7 59.
g5 Nc6+ 60. Kf6 1-0

[Event "XLVIII Festival A"]
[Site "Imperia ITA"]
[Date "2006.09.03"]
[Round "1"]
[White "Raineri, Valerio"]
[Black "Payen, Arnaud"]
[WhiteElo "2145"]
[BlackElo "2390"]
[Result "0-1"]
[PlyCount "60"]
[EventDate "2006.09.03"]

1. e4 g6 2. d4 Bg7 3. Nc3 c6 4. Be3 d5 5. e5 f6 6. f4 Nh6 7. Nf3 Bg4 8. Be2 O-O
9. Qd2 Nf5 10. Bf2 Nd7 11. h3 Bxf3 12. Bxf3 fxe5 13. dxe5 g5 14. g4 Nh6 15. O-O
e6 16. Ne2 gxf4 17. Nxf4 Nxe5 18. Be2 Qg5 19. Be3 Qh4 20. Nxe6 Qg3+ 21. Kh1
Qxh3+ 22. Kg1 Nhxg4 23. Bf4 Ne3 24. Qxe3 Qxe6 25. Kh1 Rae8 26. Bh5 Ng6 27. Qg3
Qe4+ 28. Kh2 Qxc2+ 29. Rf2 Qf5 30. Bg4 Qe4 0-1

[Event "XLVIII Festival A"]
[Site "Imperia ITA"]
[Date "2006.09.03"]
[Round "1"]
[White "Ricci, Marco"]
[Black "Biolek, Richard sr"]
[WhiteElo "2150"]
[BlackElo "2440"]
[Result "0-1"]
[PlyCount "40"]
[EventDate "2006.09.03"]

1. e4 e5 2. Nf3 Nc6 3. Bb5 f5 4. Nc3 Nf6 5. d3 d6 6. Bg5 Be7 7. Nd5 Nxd5 8.
exd5 Bxg5 9. dxc6 O-O 10. Bc4+ Kh8 11. Bd5 bxc6 12. Bxc6 Rb8 13. Nxg5 Qxg5 14.
Rb1 Rb6 15. Qf3 e4 16. Bxe4 Re8 17. O-O fxe4 18. Rfe1 d5 19. Qf7 Rbe6 20. dxe4
Qe7 0-1

[Event "XLVIII Festival A"]
[Site "Imperia ITA"]
[Date "2006.09.03"]
[Round "1"]
[White "Stoppa, Omar"]
[Black "Pesce, Gabriele"]
[WhiteElo "2209"]
[BlackElo "2006"]
[Result "1-0"]
[PlyCount "75"]
[EventDate "2006.09.03"]

1. e4 c5 2. Nf3 Nc6 3. d4 cxd4 4. Nxd4 e5 5. Nf5 d5 6. exd5 Bxf5 7. dxc6 bxc6
8. Qf3 Qc8 9. Bc4 Nf6 10. O-O Bd6 11. Bg5 Ne4 12. Bh4 g5 13. Bd3 gxh4 14. Bxe4
Bxe4 15. Qxe4 O-O 16. Rd1 Qb7 17. Nd2 f5 18. Qxh4 Kh8 19. Nc4 Be7 20. Qh5 Qc7
21. Rd3 Bc5 22. Rad1 Rad8 23. Rxd8 Rxd8 24. Re1 Qd7 25. Qh6 Qd4 26. Qf6+ Kg8
27. Qe6+ Kh8 28. Ne3 f4 29. Ng4 Rd6 30. Qe8+ Kg7 31. h3 Rg6 32. Qxe5+ Qxe5 33.
Rxe5 Bd6 34. Ra5 Re6 35. Rxa7+ Kg6 36. Kf1 Bb4 37. c3 Bc5 38. Ra6 1-0

[Event "XLVIII Festival A"]
[Site "Imperia ITA"]
[Date "2006.09.03"]
[Round "1"]
[White "Sulava, Nenad"]
[Black "Ahner, Thomas"]
[WhiteElo "2489"]
[BlackElo "2157"]
[Result "1-0"]
[PlyCount "37"]
[EventDate "2006.09.03"]

1. Nf3 Nf6 2. g3 d5 3. Bg2 Bg4 4. Ne5 Be6 5. d4 c6 6. O-O g6 7. c4 Bg7 8. cxd5
cxd5 9. Nc3 O-O 10. Bf4 h6 11. Rc1 Qa5 12. Qb3 Na6 13. Qxb7 Rfb8 14. Qxe7 Rxb2
15. Nc6 Qb6 16. Na4 Qb5 17. Nxb2 Qxb2 18. Rb1 Qxa2 19. Ra1 1-0

[Event "XLVIII Festival A"]
[Site "Imperia ITA"]
[Date "2006.09.03"]
[Round "1"]
[White "Tomassoni, Leonardo"]
[Black "Fossati, Remigio"]
[WhiteElo "2005"]
[BlackElo "2203"]
[Result "0-1"]
[PlyCount "82"]
[EventDate "2006.09.03"]

1. e4 c5 2. Nf3 d6 3. d4 cxd4 4. Nxd4 Nf6 5. Nc3 a6 6. Be2 e6 7. O-O Be7 8. Be3
O-O 9. f4 Qc7 10. Qe1 b5 11. a3 Bb7 12. Bf3 Nbd7 13. Nde2 Nc5 14. Ng3 Rfe8 15.
Rd1 Rac8 16. Rf2 Ba8 17. Rfd2 Nfd7 18. Qe2 Nb6 19. b3 Ncd7 20. Na2 Bf8 21. Qf2
g6 22. Nb4 a5 23. Nd3 Rb8 24. Kh1 e5 25. f5 d5 26. fxg6 hxg6 27. exd5 Nxd5 28.
Ba7 Rbc8 29. Bxd5 Bxd5 30. Be3 Re6 31. Qe2 Bc6 32. Nf2 Nf6 33. Bg5 Qb7 34. Nh3
Nd5 35. c4 Nf4 36. Nxf4 exf4 37. Qf2 fxg3 38. Qxg3 bxc4 39. bxc4 Rce8 40. h3
Re2 41. Bf6 Bxg2+ 0-1

[Event "XLVIII Festival A"]
[Site "Imperia ITA"]
[Date "2006.09.04"]
[Round "2"]
[White "Ahner, Thomas"]
[Black "Tomassoni, Leonardo"]
[WhiteElo "2157"]
[BlackElo "2005"]
[Result "1/2-1/2"]
[PlyCount "67"]
[EventDate "2006.09.03"]

1. e4 c5 2. Nf3 d6 3. d4 cxd4 4. Nxd4 Nf6 5. Nc3 a6 6. Be2 g6 7. g4 e5 8. Nb3
Be6 9. g5 Nfd7 10. Be3 Nc6 11. Qd2 Nc5 12. O-O-O Qc7 13. f4 O-O-O 14. f5 gxf5
15. exf5 Bxf5 16. Nd5 Qb8 17. Na5 Be6 18. Bxc5 dxc5 19. Nxc6 Rxd5 20. Nxb8 Rxd2
21. Rxd2 Kxb8 22. Rd8+ Kc7 23. Ra8 Rg8 24. Rd1 Bc8 25. Rf1 Rg7 26. Bc4 Bd6 27.
Rxf7+ Rxf7 28. Bxf7 e4 29. Bd5 e3 30. Kd1 Bxh2 31. Ke2 Bf4 32. Rxc8+ Kxc8 33.
Be4 Bxg5 34. Bxh7 1/2-1/2

[Event "XLVIII Festival A"]
[Site "Imperia ITA"]
[Date "2006.09.04"]
[Round "2"]
[White "Biolek, Richard sr"]
[Black "Stoppa, Omar"]
[WhiteElo "2440"]
[BlackElo "2209"]
[Result "1-0"]
[PlyCount "105"]
[EventDate "2006.09.03"]

1. Nf3 Nf6 2. d4 g6 3. c4 c5 4. d5 b5 5. cxb5 a6 6. b6 d6 7. Nc3 Qxb6 8. e4 Bg7
9. Be2 O-O 10. O-O Bd7 11. a4 a5 12. Nd2 Na6 13. Nc4 Qc7 14. Bf4 Nh5 15. Bxh5
gxh5 16. Qxh5 Nb4 17. Qe2 Ra6 18. Ra3 e5 19. Bg5 f6 20. Bh4 Rf7 21. Ne3 Rb6 22.
Nb5 Qb8 23. Rd1 Qe8 24. Nc4 Qb8 25. Nxb6 Qxb6 26. g4 Bh6 27. f3 Bf4 28. Kg2 h5
29. h3 Kf8 30. Bg3 Bxg3 31. Kxg3 Ke7 32. Rf1 Rg7 33. f4 exf4+ 34. Rxf4 c4 35.
Qf2 Qxf2+ 36. Rxf2 hxg4 37. h4 Nd3 38. Rxd3 cxd3 39. Nd4 Rg8 40. Rd2 Bxa4 41.
Rxd3 Bd7 42. Ra3 a4 43. Nf5+ Bxf5 44. exf5 Ra8 45. b3 Ra5 46. bxa4 Rxd5 47. a5
Rc5 48. a6 Rc8 49. a7 Ra8 50. Kxg4 d5 51. Ra6 Kf7 52. Kf4 Kg7 53. Ke3 1-0